Developmental Entrepreneurship (Record no. 6104)

000 -LEADER
fixed length control field 00456nam a22001457a 4500
008 - FIXED-LENGTH DATA ELEMENTS--GENERAL INFORMATION
fixed length control field 180320b xxu||||| |||| 00| 0 eng d
020 ## - INTERNATIONAL STANDARD BOOK NUMBER
International Standard Book Number 0762313587
082 ## - DEWEY DECIMAL CLASSIFICATION NUMBER
Classification number 338.5 DEV
100 ## - MAIN ENTRY--PERSONAL NAME
Personal name GALBRAITH, Craig. S
245 ## - TITLE STATEMENT
Title Developmental Entrepreneurship
Remainder of title Adversity, Risk and Isolation
Statement of responsibility, etc. Craig S. Galbraith
Medium English
260 ## - PUBLICATION, DISTRIBUTION, ETC. (IMPRINT)
Place of publication, distribution, etc. United Kingdom
Name of publisher, distributor, etc. Oxford
Date of publication, distribution, etc. 2006
300 ## - PHYSICAL DESCRIPTION
Extent xxiv, 423p
Dimensions 23cm
650 ## - SUBJECT ADDED ENTRY--TOPICAL TERM
Source of heading or term Developmental Intrepreneurship
942 ## - ADDED ENTRY ELEMENTS (KOHA)
Source of classification or shelving scheme
Koha item type BOOKS
Holdings
Withdrawn status Lost status Source of classification or shelving scheme Damaged status Not for loan Home library Current library Date acquired Total Checkouts Full call number Barcode Date last seen Price effective from Koha item type
          Mwanza Mwanza 20/03/2018   338.5 DEV 10000001618 20/03/2018 20/03/2018 BOOKS

IRDP © 2019 :: Managed by IRDP ICT Unit